[Event "HUN-chT2 Charousek 0708"]
[Site "Hungary"]
[Date "2007.10.14"]
[Round "1"]
[White "Vertetics, Attila"]
[Black "Portisch, Gabor"]
[Result "1-0"]
[WhiteElo "2314"]
[BlackElo "2352"]
[PlyCount "82"]
[EventDate "2007.10.14"]
[EventType "team"]
[EventRounds "11"]
[EventCountry "HUN"]
[SourceTitle "EXT 2009"]
[Source "ChessBase"]
[SourceDate "2008.11.26"]
[SourceVersion "1"]
[SourceVersionDate "2008.11.26"]
[SourceQuality "1"]
[WhiteTeam "Gyor Elektromos"]
[BlackTeam "Csuti II"]
[WhiteTeamCountry "HUN"]
[BlackTeamCountry "HUN"]

1. d4 e6 2. Nf3 f5 3. c4 Bb4+ 4. Bd2 Qe7 5. g3 Nf6 6. Bg2 0-0 7. 0-0 Bxd2 8. Qxd2 d6 9. Nc3 c6 10. Rad1 Nbd7 11. Qc2 d5 12. Nd2 Rb8 13. f3 f4 14. gxf4 Nh5 15. e3 Rf6 16. Ne2 Rg6 17. Rf2 Qh4 18. Nf1 Ndf6 19. Neg3 Bd7 20. Qa4 a6 21. Qb4 dxc4 22. Qxc4 Nd5 23. Qb3 Rh6 24. Rdd2 b6 25. Qa3 a5 26. Qd6 Rd8 27. Qe5 Rf8 28. Qg5 Nhf6 29. Ne4 Ne8 30. a3 Rh5 31. Qxh4 Rxh4 32. Rfe2 Bc8 33. Re1 Ba6 34. Nfg3 Rh6 35. Rc2 Bb7 36. Nf2 Rhf6 37. Ng4 R6f7 38. Ne5 Rc7 39. Bh3 Rf6 40. Ne4 Rh6 41. Ng5 Nd6 1-0

[Event "HUN-chT2 Charousek 0607"]
[Site "Hungary"]
[Date "2007.03.25"]
[Round "7"]
[White "Portisch, Gabor"]
[Black "Kovacs, Borisz"]
[Result "0-1"]
[WhiteElo "2353"]
[BlackElo "2320"]
[PlyCount "84"]
[EventDate "2006.11.12"]
[EventType "team"]
[EventRounds "11"]
[EventCountry "HUN"]
[SourceTitle "EXT 2008"]
[Source "ChessBase"]
[SourceDate "2007.11.25"]
[SourceVersion "1"]
[SourceVersionDate "2007.11.25"]
[SourceQuality "1"]
[WhiteTeam "Csuti II"]
[BlackTeam "Szentgotthard"]
[WhiteTeamCountry "HUN"]
[BlackTeamCountry "HUN"]

1. d4 d5 2. Nc3 Nf6 3. Bg5 c6 4. e3 Nbd7 5. Nf3 e6 6. a3 h6 7. Bf4 a5 8. Bd3 b6 9. 0-0 Ba6 10. Bxa6 Rxa6 11. Qd3 Qc8 12. Rfe1 Be7 13. e4 dxe4 14. Nxe4 0-0 15. Bd6 Bxd6 16. Nxd6 Qa8 17. Ne5 Ra7 18. Qh3 c5 19. Nexf7 Rxf7 20. Nxf7 Kxf7 21. Qxe6+ Kg6 22. dxc5 bxc5 23. Rad1 Qb8 24. b3 Nf8 25. Qc4 Qc7 26. h3 Kh7 27. f4 Ng6 28. g3 h5 29. Qd3 Qc8 30. Kg2 c4 31. bxc4 Rc7 32. f5 Nf8 33. g4 hxg4 34. hxg4 Rxc4 35. Rh1+ Kg8 36. Qb3 a4 37. Qa2 Ne6 38. Kh3 Ng5+ 39. Kh4 Nf7 40. Rhg1 Qc7 41. c3 Qf4 42. Qd2 Qxf5 0-1

[Event "HUN-chT2 Charousek 0607"]
[Site "Hungary"]
[Date "2006.11.12"]
[Round "1"]
[White "Portisch, Gabor"]
[Black "Paal, Attila"]
[Result "1-0"]
[WhiteElo "2353"]
[BlackElo "2219"]
[PlyCount "65"]
[EventDate "2006.11.12"]
[EventType "team"]
[EventRounds "11"]
[EventCountry "HUN"]
[SourceTitle "EXT 2008"]
[Source "ChessBase"]
[SourceDate "2007.11.25"]
[SourceVersion "1"]
[SourceVersionDate "2007.11.25"]
[SourceQuality "1"]
[WhiteTeam "Csuti II"]
[BlackTeam "Penzugyor"]
[WhiteTeamCountry "HUN"]
[BlackTeamCountry "HUN"]

1. d4 Nf6 2. Nc3 Nc6 3. e4 d6 4. Be2 e5 5. Nf3 Bg4 6. d5 Bxf3 7. Bxf3 Nd4 8. Be3 Nxf3+ 9. Qxf3 Be7 10. 0-0-0 Qd7 11. h3 b5 12. g4 b4 13. Ne2 Qa4 14. Kb1 c5 15. dxc6 Qxc6 16. Ng3 Rc8 17. Rc1 d5 18. g5 dxe4 19. Qf5 Nd5 20. Qxe5 Nc3+ 21. bxc3 bxc3 22. Ka1 f6 23. gxf6 Qxf6 24. Qxf6 gxf6 25. Rb1 Rc4 26. Rb8+ Bd8 27. Rd1 Ke7 28. Nf5+ Ke6 29. Nd6 Rc7 30. Nxe4 Rg7 31. Nxf6 Rf8 32. Ne4 a5 33. Bh6 1-0

[Event "HUN-chT2 Charousek 0506"]
[Site "Hungary"]
[Date "2006.02.26"]
[Round "8"]
[White "Portisch, Gabor"]
[Black "Sebestyen, Balazs"]
[Result "1-0"]
[WhiteElo "2338"]
[BlackElo "2321"]
[PlyCount "129"]
[EventDate "2005.10.16"]
[EventType "team"]
[EventRounds "11"]
[EventCountry "HUN"]
[SourceTitle "EXT 2009"]
[Source "ChessBase"]
[SourceDate "2008.11.26"]
[SourceVersion "1"]
[SourceVersionDate "2008.11.26"]
[SourceQuality "1"]
[WhiteTeam "Csuti II"]
[BlackTeam "Decs"]
[WhiteTeamCountry "HUN"]
[BlackTeamCountry "HUN"]

1. d4 e6 2. e4 d5 3. Nc3 Bb4 4. exd5 exd5 5. Bd3 Nf6 6. h3 0-0 7. Nge2 c5 8. dxc5 Bxc5 9. 0-0 Be6 10. Nb5 Nc6 11. c3 Ne4 12. Nbd4 Qh4 13. Be3 Bb6 14. Nf3 Qe7 15. Bxb6 axb6 16. Ned4 f5 17. Re1 Rae8 18. Qb3 Nxd4 19. Nxd4 Qh4 20. Bxe4 fxe4 21. Nxe6 Qxf2+ 22. Kh1 Rxe6 23. Qxd5 Qf5 24. Qxb7 e3 25. Re2 Qd3 26. Rae1 h6 27. g3 Re4 28. Qxb6 Rf1+ 29. Rxf1 Qxe2 30. Qd8+ Kh7 31. Qd1 Qc4 32. Qf3 Qe6 33. Kg2 e2 34. Re1 Re3 35. Qf2 Qe4+ 36. Kh2 Qd3 37. a4 Re6 38. a5 Qd2 39. Kg1 Qxb2 40. Qf5+ Rg6 41. Qd3 Qb8 42. Kh2 Qa7 43. Rxe2 Qxa5 44. c4 Qa6 45. h4 Qd6 46. Qxd6 Rxd6 47. Kg2 Kg6 48. Kf3 Rc6 49. Re4 Kf5 50. g4+ Kf6 51. Ke3 Rd6 52. c5 Rd1 53. Rc4 Ke7 54. c6 Kd8 55. Ke4 Kc7 56. Rd4 Rxd4+ 57. Kxd4 Kxc6 58. Ke5 Kd7 59. Kf5 Ke7 60. Kg6 Kf8 61. Kh7 g5 62. h5 Kf7 63. Kxh6 Kf6 64. Kh7 Kf7 65. h6 1-0

[Event "HUN-chT2 Charousek 0506"]
[Site "Hungary"]
[Date "2005.12.04"]
[Round "5"]
[White "Portisch, Gabor"]
[Black "Halasz, Attila"]
[Result "1-0"]
[WhiteElo "2338"]
[BlackElo "2243"]
[PlyCount "92"]
[EventDate "2005.10.16"]
[EventType "team"]
[EventRounds "11"]
[EventCountry "HUN"]
[SourceTitle "EXT 2009"]
[Source "ChessBase"]
[SourceDate "2008.11.26"]
[SourceVersion "1"]
[SourceVersionDate "2008.11.26"]
[SourceQuality "1"]
[WhiteTeam "Csuti II"]
[BlackTeam "Pannonpower"]
[WhiteTeamCountry "HUN"]
[BlackTeamCountry "HUN"]

1. d4 Nf6 2. Nc3 d5 3. Bg5 Bf5 4. f3 Nbd7 5. Nxd5 Nxd5 6. e4 h6 7. Bh4 Bxe4 8. fxe4 Ne3 9. Qd3 Nxf1 10. Qxf1 c6 11. 0-0-0 Qa5 12. Kb1 g5 13. Be1 Qa4 14. Ne2 Qc4 15. b3 Qe6 16. Qf3 Nf6 17. e5 Nd7 18. h4 Bg7 19. Ba5 Qd5 20. Qxd5 cxd5 21. hxg5 hxg5 22. Rxh8+ Bxh8 23. Nc3 e6 24. Nb5 Kf8 25. Bd2 a6 26. Nd6 f6 27. exf6 Bxf6 28. Re1 Ke7 29. Nxb7 Bxd4 30. Bxg5+ Bf6 31. Rh1 Bxg5 32. Rh7+ Kf6 33. Rxd7 Be3 34. Nd8 Bc5 35. c3 Be7 36. Nc6 Ba3 37. Rd8 Rxd8 38. Nxd8 Bf8 39. Kc2 Ke7 40. Nb7 Kd7 41. b4 Kc6 42. Na5+ Kb5 43. Kb3 Be7 44. g4 e5 45. a4+ Kb6 46. c4 e4 1-0

[Event "HUN-chT2 Charousek 0506"]
[Site "Hungary"]
[Date "2005.10.30"]
[Round "2"]
[White "Kerek, Krisztian"]
[Black "Portisch, Gabor"]
[Result "1/2-1/2"]
[WhiteElo "2328"]
[BlackElo "2338"]
[PlyCount "23"]
[EventDate "2005.10.16"]
[EventType "team"]
[EventRounds "11"]
[EventCountry "HUN"]
[SourceTitle "EXT 2009"]
[Source "ChessBase"]
[SourceDate "2008.11.26"]
[SourceVersion "1"]
[SourceVersionDate "2008.11.26"]
[SourceQuality "1"]
[WhiteTeam "BEAC"]
[BlackTeam "Csuti II"]
[WhiteTeamCountry "HUN"]
[BlackTeamCountry "HUN"]

1. e4 e6 2. d4 d5 3. Nc3 Bb4 4. exd5 exd5 5. Bd3 h6 6. Nge2 Ne7 7. Ng3 Nbc6 8. a3 Bd6 9. Nce2 Bxg3 10. hxg3 Bf5 11. Bg5 Qd7 12. Qd2 1/2-1/2

[Event "HUN-chT2 Charousek 0405"]
[Site "Hungary"]
[Date "2005.03.06"]
[Round "9"]
[White "Zoldi, Zoltan"]
[Black "Portisch, Gabor"]
[Result "0-1"]
[WhiteElo "2154"]
[BlackElo "2336"]
[PlyCount "64"]
[EventDate "2004.09.26"]
[EventType "team"]
[EventRounds "11"]
[EventCountry "HUN"]
[SourceTitle "EXT 2008"]
[Source "ChessBase"]
[SourceDate "2007.11.25"]
[SourceVersion "1"]
[SourceVersionDate "2007.11.25"]
[SourceQuality "1"]
[WhiteTeam "Gyor Elektromos"]
[BlackTeam "Csuti II"]
[WhiteTeamCountry "HUN"]
[BlackTeamCountry "HUN"]

1. Nf3 e6 2. c4 b6 3. g3 Bb7 4. Bg2 f5 5. 0-0 Nf6 6. b3 g6 7. Bb2 Bg7 8. d4 0-0 9. Nc3 Qe7 10. Qc2 c5 11. Rad1 Na6 12. a3 Rac8 13. dxc5 Nxc5 14. Nd2 Bxg2 15. Kxg2 d5 16. b4 Nce4 17. Ncxe4 Nxe4 18. Bxg7 Qxg7 19. Nxe4 Rxc4 20. Qa4 fxe4 21. Rd2 Qc3 22. Rfd1 e3 23. fxe3 Qxe3 24. Qd7 Re4 25. Rc2 Qf2+ 26. Kh3 Rxe2 27. Rxe2 Qxe2 28. Rc1 Rf7 29. Rc8+ Kg7 30. Qd6 Qf1+ 31. Kh4 Qf6+ 32. Kh3 Qf5+ 0-1

[Event "HUN-chT2 Charousek 0405"]
[Site "Hungary"]
[Date "2005.01.23"]
[Round "6"]
[White "Zila, Laszlo"]
[Black "Portisch, Gabor"]
[Result "1/2-1/2"]
[WhiteElo "2255"]
[BlackElo "2336"]
[PlyCount "107"]
[EventDate "2004.09.26"]
[EventType "team"]
[EventRounds "11"]
[EventCountry "HUN"]
[SourceTitle "EXT 2008"]
[Source "ChessBase"]
[SourceDate "2007.11.25"]
[SourceVersion "1"]
[SourceVersionDate "2007.11.25"]
[SourceQuality "1"]
[WhiteTeam "Husi"]
[BlackTeam "Csuti II"]
[WhiteTeamCountry "HUN"]
[BlackTeamCountry "HUN"]

1. e4 e6 2. d4 d5 3. e5 c5 4. c3 Ne7 5. Nf3 Nec6 6. a3 a5 7. b3 b6 8. Bb2 Be7 9. Bd3 Ba6 10. Bxa6 Nxa6 11. 0-0 0-0 12. Qe2 Qd7 13. Nbd2 cxd4 14. cxd4 Rfc8 15. Rac1 Qb7 16. Ne1 Bf8 17. Nd3 b5 18. f4 Qb6 19. Nf3 a4 20. b4 Naxb4 21. axb4 Nxb4 22. Nxb4 Bxb4 23. Qd3 Be7 24. f5 exf5 25. Rxc8+ Rxc8 26. Qxf5 Qe6 27. Qxe6 fxe6 28. Rc1 Rb8 29. Rc7 Kf8 30. Ra7 h6 31. Kf2 Rc8 32. Ne1 Bb4 33. Ke2 Ke8 34. Kd1 Be7 35. Nd3 Rc4 36. Ra5 a3 37. Bxa3 Rxd4 38. Bxe7 Rxd3+ 39. Ke2 Rb3 40. Ra7 Rb2+ 41. Kf3 b4 42. Bd6 b3 43. Rb7 Rb1 44. Ba3 Kd8 45. h4 Kc8 46. Rb4 Kc7 47. g3 Kc6 48. Ke2 h5 49. Kd2 g6 50. Rb8 Rg1 51. Rxb3 d4 52. Bd6 Kd5 53. Ke2 Ke4 54. Kf2 1/2-1/2

[Event "HUN-chT2 Charousek 0405"]
[Site "Hungary"]
[Date "2004.09.26"]
[Round "1"]
[White "Portisch, Gabor"]
[Black "Guba, Miklos"]
[Result "1-0"]
[WhiteElo "2336"]
[BlackElo "2166"]
[PlyCount "65"]
[EventDate "2004.09.26"]
[EventType "team"]
[EventRounds "11"]
[EventCountry "HUN"]
[SourceTitle "EXT 2008"]
[Source "ChessBase"]
[SourceDate "2007.11.25"]
[SourceVersion "1"]
[SourceVersionDate "2007.11.25"]
[SourceQuality "1"]
[WhiteTeam "Csuti II"]
[BlackTeam "Szentendre"]
[WhiteTeamCountry "HUN"]
[BlackTeamCountry "HUN"]

1. d4 d5 2. Nc3 Nf6 3. Bg5 Nbd7 4. f3 e6 5. e4 Be7 6. e5 Ng8 7. Bxe7 Nxe7 8. Bd3 a6 9. Nce2 c5 10. c3 Nc6 11. f4 Qb6 12. Nf3 cxd4 13. cxd4 Qb4+ 14. Qd2 Nb6 15. b3 Bd7 16. a3 Qxd2+ 17. Kxd2 Rc8 18. Raf1 Na5 19. Nc1 Ke7 20. g4 Rc6 21. f5 Rhc8 22. f6+ gxf6 23. exf6+ Ke8 24. Ke2 Rc3 25. g5 Nxb3 26. Nxb3 Rxb3 27. Rb1 Rxb1 28. Rxb1 Nc4 29. Rxb7 Bb5 30. a4 Bxa4 31. Bxc4 dxc4 32. Ne5 c3 33. Re7+ 1-0

[Event "HUN-chT2 Charousek 0203"]
[Site "Hungary"]
[Date "2003.03.02"]
[Round "8.3"]
[White "Kulcsar, Tamas"]
[Black "Portisch, Gabor"]
[Result "1/2-1/2"]
[WhiteElo "2169"]
[BlackElo "2328"]
[PlyCount "89"]
[EventDate "2002.09.22"]
[EventType "team"]
[EventRounds "11"]
[EventCountry "HUN"]
[SourceTitle "EXT 2004"]
[Source "ChessBase"]
[SourceDate "2003.11.25"]
[SourceVersion "1"]
[SourceVersionDate "2003.11.25"]
[SourceQuality "1"]
[WhiteTeam "Vizugy"]
[BlackTeam "Csuti Hydro II"]
[WhiteTeamCountry "HUN"]
[BlackTeamCountry "HUN"]

1. d4 e6 2. c4 Bb4+ 3. Bd2 Qe7 4. Nf3 f5 5. Nc3 Nf6 6. g3 0-0 7. Bg2 d6 8. 0-0 e5 9. Qb3 c5 10. dxe5 dxe5 11. Nd5 Nxd5 12. cxd5 Kh8 13. Bxb4 cxb4 14. Rfd1 Qd6 15. Rac1 a5 16. e4 Na6 17. exf5 Bxf5 18. Qe3 Bg4 19. h3 Bxf3 20. Bxf3 Rac8 21. Rxc8 Rxc8 22. Qa7 Rf8 23. Bg2 Qc5 24. Qxc5 Nxc5 25. d6 Rd8 26. Rd5 b6 27. Rxe5 g6 28. Rd5 Kg7 29. h4 Kf7 30. Bh3 Na4 31. Rd2 Nc5 32. f3 Nb7 33. d7 Ke7 34. Kf2 Nc5 35. Ke3 a4 36. Rd4 b3 37. a3 Nxd7 38. Rxd7+ Rxd7 39. Bxd7 Kxd7 40. Kd4 Kd6 41. Kc4 Ke5 42. Kd3 Kd5 43. Kc3 Kc5 44. Kd3 Kd5 45. Kc3 1/2-1/2

[Event "HUN-chT2 Charousek 0203"]
[Site "Hungary"]
[Date "2003.02.02"]
[Round "6.4"]
[White "Portisch, Gabor"]
[Black "Szabo, Krisztian"]
[Result "1/2-1/2"]
[WhiteElo "2328"]
[BlackElo "2224"]
[PlyCount "118"]
[EventDate "2002.09.22"]
[EventType "team"]
[EventRounds "11"]
[EventCountry "HUN"]
[SourceTitle "EXT 2004"]
[Source "ChessBase"]
[SourceDate "2003.11.25"]
[SourceVersion "1"]
[SourceVersionDate "2003.11.25"]
[SourceQuality "1"]
[WhiteTeam "Csuti Hydro II"]
[BlackTeam "Paks ASE II"]
[WhiteTeamCountry "HUN"]
[BlackTeamCountry "HUN"]

1. d4 Nf6 2. Nc3 d5 3. Bg5 Nbd7 4. Nf3 g6 5. e3 Bg7 6. Be2 0-0 7. Ne5 c6 8. Bf4 Ne4 9. Nxe4 Nxe5 10. Bxe5 dxe4 11. Bxg7 Kxg7 12. c3 Qc7 13. Qc2 f5 14. 0-0 e5 15. Rad1 Be6 16. c4 Rad8 17. Qc3 Kf6 18. f3 exf3 19. Bxf3 Bf7 20. Rf2 Rfe8 21. Qc2 Kg7 22. b4 exd4 23. exd4 Re3 24. d5 Qe5 25. Qb2 cxd5 26. Qxe5+ Rxe5 27. Rfd2 Kf6 28. cxd5 Rd6 29. Kf2 Re7 30. Rc2 Red7 31. Rcd2 g5 32. h3 h5 33. g4 fxg4 34. hxg4 h4 35. a3 Rc7 36. Rd3 Bg6 37. Re3 Rc2+ 38. Kg1 Bf7 39. Rf1 Rd2 40. Bg2+ Kg6 41. Be4+ Kg7 42. Rf5 Bxd5 43. Rxg5+ Kh6 44. Rh5+ Kg7 45. Bxd5 R6xd5 46. Rxd5 Rxd5 47. Re7+ Kf6 48. Rxb7 a5 49. bxa5 Rxa5 50. Rb3 Kg5 51. Kg2 Kxg4 52. Rb4+ Kf5 53. a4 Ke6 54. Rxh4 Kd6 55. Kf3 Kc7 56. Ke3 Kb7 57. Kd3 Ka7 58. Kc3 Rg5 59. Kb4 Rf5 1/2-1/2

[Event "HUN-chT2 9900"]
[Site "Hungary"]
[Date "2000.03.26"]
[Round "10"]
[White "Bors, Tamas"]
[Black "Portisch, Gabor"]
[Result "0-1"]
[WhiteElo "2247"]
[BlackElo "2307"]
[PlyCount "54"]
[EventDate "1999.09.26"]
[EventType "team"]
[EventRounds "11"]
[EventCountry "HUN"]
[SourceTitle "EXT 2002"]
[Source "ChessBase"]
[SourceDate "2001.11.25"]
[SourceVersion "1"]
[SourceVersionDate "2001.11.25"]
[SourceQuality "1"]

1. c4 e5 2. g3 Nf6 3. Bg2 c6 4. d4 Bb4+ 5. Bd2 Bxd2+ 6. Qxd2 e4 7. d5 0-0 8. Nc3 Re8 9. e3 d6 10. Nge2 c5 11. h3 Nbd7 12. Qc2 Qa5 13. 0-0 Ne5 14. Nxe4 Nxe4 15. Qxe4 Qd2 16. Nc3 Bd7 17. Rab1 f5 18. Qf4 Qd3 19. Nb5 Bxb5 20. cxb5 Rf8 21. a4 Qb3 22. Rfd1 a6 23. Bf1 h6 24. h4 Kh7 25. Be2 axb5 26. Bxb5 g5 27. hxg5 hxg5 0-1

[Event "HUN-chT2 9900"]
[Site "Hungary"]
[Date "2000.02.13"]
[Round "7"]
[White "Portisch, Gabor"]
[Black "Szeberenyi, Adam"]
[Result "1/2-1/2"]
[WhiteElo "2307"]
[BlackElo "2357"]
[PlyCount "66"]
[EventDate "1999.09.26"]
[EventType "team"]
[EventRounds "11"]
[EventCountry "HUN"]
[SourceTitle "EXT 2002"]
[Source "ChessBase"]
[SourceDate "2001.11.25"]
[SourceVersion "1"]
[SourceVersionDate "2001.11.25"]
[SourceQuality "1"]

1. d4 Nf6 2. Nc3 d5 3. Bg5 Nbd7 4. f3 c5 5. e4 cxd4 6. Bxf6 Nxf6 7. Qxd4 dxe4 8. Bb5+ Bd7 9. Qe5 Qb8 10. Bxd7+ Nxd7 11. Qxe4 Qe5 12. 0-0-0 Qxe4 13. fxe4 e6 14. Nf3 Bc5 15. Rd3 Ke7 16. e5 Bb4 17. Ne4 Nc5 18. Rd4 Nxe4 19. Rxe4 Bc5 20. b4 Bb6 21. c4 a5 22. c5 Ba7 23. Kb2 axb4 24. Rxb4 Rab8 25. Rc1 Rhc8 26. Rb5 Rc7 27. Kb3 Rd8 28. Kb4 Rd5 29. Rc4 f6 30. exf6+ gxf6 31. a4 Kd7 32. Ra5 Bb6 33. Rb5 Ba7 1/2-1/2

[Event "HUN-chT2 9900"]
[Site "Hungary"]
[Date "1999.11.14"]
[Round "4"]
[White "Portisch, Gabor"]
[Black "Orgovan, Sandor"]
[Result "1/2-1/2"]
[WhiteElo "2307"]
[BlackElo "2312"]
[PlyCount "21"]
[EventDate "1999.09.26"]
[EventType "team"]
[EventRounds "11"]
[EventCountry "HUN"]
[SourceTitle "EXT 2002"]
[Source "ChessBase"]
[SourceDate "2001.11.25"]
[SourceVersion "1"]
[SourceVersionDate "2001.11.25"]
[SourceQuality "1"]

1. d4 f5 2. c4 Nf6 3. Nc3 e6 4. Nf3 d5 5. e3 Be7 6. Be2 0-0 7. 0-0 c6 8. Qc2 Nbd7 9. b3 Ne4 10. Bb2 Ndf6 11. Ne5 1/2-1/2

[Event "HUN-chT2 9900"]
[Site "Hungary"]
[Date "1999.10.03"]
[Round "2"]
[White "Portisch, Gabor"]
[Black "Pinter, Gabor"]
[Result "1/2-1/2"]
[WhiteElo "2307"]
[BlackElo "2332"]
[PlyCount "68"]
[EventDate "1999.09.26"]
[EventType "team"]
[EventRounds "11"]
[EventCountry "HUN"]
[SourceTitle "EXT 2002"]
[Source "ChessBase"]
[SourceDate "2001.11.25"]
[SourceVersion "1"]
[SourceVersionDate "2001.11.25"]
[SourceQuality "1"]

1. d4 f5 2. g4 fxg4 3. e4 d6 4. h3 g3 5. fxg3 Nf6 6. Nc3 g6 7. Nf3 Bg7 8. Bc4 e6 9. Bg5 h6 10. Be3 0-0 11. e5 Nh5 12. g4 Nf4 13. Bxf4 Rxf4 14. 0-0 Nc6 15. Ne2 Rf8 16. Qd3 Na5 17. Rad1 Qe7 18. Nd2 Bd7 19. Nf4 Nxc4 20. Nxg6 Rxf1+ 21. Rxf1 Qe8 22. Nxc4 Bb5 23. Nf4 d5 24. b3 Qe7 25. Nh5 dxc4 26. bxc4 Be8 27. Nf6+ Bxf6 28. Rxf6 Kg7 29. Qe3 Bg6 30. h4 Rf8 31. h5 Rxf6 32. exf6+ Qxf6 33. hxg6 Kxg6 34. Kg2 c6 1/2-1/2

[Event "HUN-chT2 9899"]
[Site "Hungary"]
[Date "1998.??.??"]
[Round "?"]
[White "Portisch, Gabor"]
[Black "Fusthy, Zsolt"]
[Result "1/2-1/2"]
[WhiteElo "2295"]
[BlackElo "2265"]
[PlyCount "22"]
[EventDate "1998.??.??"]
[EventType "team"]
[EventRounds "12"]
[EventCountry "HUN"]
[SourceTitle "EXT 2000"]
[Source "ChessBase"]
[SourceDate "1999.11.16"]
[SourceVersion "1"]
[SourceVersionDate "1999.11.16"]
[SourceQuality "1"]

1. d4 c5 2. d5 Nf6 3. c4 e6 4. Nc3 exd5 5. cxd5 d6 6. e4 g6 7. Be2 Bg7 8. Nf3 0-0 9. 0-0 Bg4 10. Nd2 Bxe2 11. Qxe2 Nbd7 1/2-1/2

[Event "HUN-chT 9596"]
[Site "Hungary"]
[Date "1996.??.??"]
[Round "13"]
[White "Portisch, Gabor"]
[Black "Kun, Sandor"]
[Result "1-0"]
[WhiteElo "2265"]
[BlackElo "2245"]
[PlyCount "79"]
[EventDate "1995.??.??"]
[EventType "team"]
[EventRounds "13"]
[EventCountry "HUN"]
[SourceTitle "EXT 2000"]
[Source "ChessBase"]
[SourceDate "1999.11.16"]
[SourceVersion "1"]
[SourceVersionDate "1999.11.16"]
[SourceQuality "1"]

1. d4 g6 2. e4 Bg7 3. Nc3 c6 4. Be2 d6 5. f4 Qb6 6. e5 h5 7. Nf3 Nh6 8. 0-0 Bf5 9. Na4 Qc7 10. c4 Nd7 11. Nc3 0-0 12. Nh4 Rad8 13. Qe1 e6 14. Be3 a6 15. Qf2 b5 16. cxb5 cxb5 17. Rfc1 Qb8 18. h3 Nb6 19. Bf3 Nc4 20. Ne4 Bxe4 21. Bxe4 Nf5 22. Bxf5 exf5 23. Re1 Nxe3 24. Qxe3 Rfe8 25. Nf3 Qb6 26. Rac1 a5 27. Kh2 a4 28. Qc3 dxe5 29. dxe5 Bh6 30. Qb4 Bf8 31. Qc3 Rc8 32. Qxc8 Rxc8 33. Rxc8 Kg7 34. Rd1 Be7 35. Rd7 Qe3 36. Rxe7 Qxf4+ 37. Kh1 g5 38. Ree8 f6 39. Re7+ Kg6 40. Rc6 1-0

[Event "Zalakaros op 14th"]
[Site "Zalakaros"]
[Date "1995.??.??"]
[Round "2"]
[White "Czebe, Attila"]
[Black "Portisch, Gabor"]
[Result "0-1"]
[WhiteElo "2430"]
[BlackElo "2265"]
[PlyCount "79"]
[EventDate "1995.??.??"]
[EventType "swiss"]
[EventRounds "9"]
[EventCountry "HUN"]
[SourceTitle "EXT 1997"]
[Source "ChessBase"]
[SourceDate "1996.11.15"]
[SourceVersion "1"]
[SourceVersionDate "1996.11.15"]
[SourceQuality "1"]

1. d4 e6 2. Nf3 b5 3. e3 a6 4. c4 bxc4 5. Bxc4 d5 6. Bd3 Nf6 7. 0-0 Bd6 8. Nc3 Bb7 9. Qe2 Nbd7 10. e4 dxe4 11. Nxe4 Nxe4 12. Bxe4 Bxe4 13. Qxe4 0-0 14. Bg5 Qb8 15. b3 Qb5 16. Rfe1 h6 17. Bh4 a5 18. Ne5 f5 19. Qe3 Bxe5 20. dxe5 f4 21. Qe4 Nc5 22. Qc2 Nd3 23. Re4 g5 24. Rc4 Rad8 25. Rxc7 gxh4 26. Rd1 Rf7 27. h3 Rxc7 28. Qxc7 Rd7 29. Qc8+ Kg7 30. Qe8 Nxe5 31. Re1 Rb7 32. Qxe6 Nf7 33. Rd1 Qe5 34. Qg4+ Qg5 35. Qf3 Re7 36. Rd5 Ne5 37. Qc3 f3 38. g4 hxg3 39. Rd2 gxf2+ 40. Kxf2 0-1

[Event "Zalakaros op 14th"]
[Site "Zalakaros"]
[Date "1995.??.??"]
[Round "8"]
[White "Molnar, Bela"]
[Black "Portisch, Gabor"]
[Result "1-0"]
[WhiteElo "2365"]
[BlackElo "2265"]
[PlyCount "61"]
[EventDate "1995.??.??"]
[EventType "swiss"]
[EventRounds "9"]
[EventCountry "HUN"]
[SourceTitle "EXT 1997"]
[Source "ChessBase"]
[SourceDate "1996.11.15"]
[SourceVersion "1"]
[SourceVersionDate "1996.11.15"]
[SourceQuality "1"]

1. e4 e6 2. d4 d5 3. Nc3 Bb4 4. e5 Ne7 5. a3 Bxc3+ 6. bxc3 c5 7. a4 Qa5 8. Bd2 Bd7 9. Qg4 c4 10. Qxg7 Rg8 11. Qxh7 Bxa4 12. Ne2 Nd7 13. Nf4 Nf8 14. Qh5 Nfg6 15. Nxg6 Rxg6 16. Qf3 Qb5 17. Kd1 Qd7 18. h4 b5 19. h5 Rg7 20. Qf6 Rh7 21. Bg5 Ng8 22. Qf4 a5 23. Rh3 b4 24. Bf6 Qb5 25. Rg3 Kd7 26. Rg7 bxc3 27. Rc1 Nxf6 28. exf6 Rah8 29. g4 Ke8 30. Qc7 Qd7 31. Qxa5 1-0

[Event "HUN-chT"]
[Site "Hungary"]
[Date "1995.??.??"]
[Round "?"]
[White "Portisch, Gabor"]
[Black "Medvegy, Nora"]
[Result "0-1"]
[WhiteElo "2265"]
[BlackElo "2235"]
[PlyCount "90"]
[EventDate "1995.??.??"]
[EventType "team"]
[EventRounds "13"]
[EventCountry "HUN"]
[SourceTitle "EXT 1997"]
[Source "ChessBase"]
[SourceDate "1996.11.15"]
[SourceVersion "1"]
[SourceVersionDate "1996.11.15"]
[SourceQuality "1"]

1. d4 d5 2. Nc3 Nf6 3. Bg5 Ne4 4. Nxe4 dxe4 5. f3 Qd5 6. Bf4 c5 7. e3 cxd4 8. Qxd4 Qxd4 9. exd4 Bf5 10. g4 Bg6 11. Bg2 Nc6 12. c3 exf3 13. Nxf3 0-0-0 14. b4 e6 15. b5 Na5 16. Ne5 Bd6 17. 0-0 Bxe5 18. Bxe5 f6 19. Bf4 Bd3 20. Rfe1 Rhe8 21. Be4 Bxe4 22. Rxe4 Nc4 23. Rae1 Kd7 24. Rd1 Rc8 25. Rb1 Nd6 26. Re3 Rc4 27. Rb3 e5 28. Bg3 exd4 29. Rxe8 Nxe8 30. cxd4 Rc1+ 31. Kf2 Rc2+ 32. Ke3 Rxa2 33. Ke4 Ra5 34. h4 Nd6+ 35. Bxd6 Kxd6 36. g5 f5+ 37. Kxf5 a6 38. h5 Rxb5+ 39. Rxb5 axb5 40. h6 gxh6 41. gxh6 b4 42. Ke4 b3 43. Kd3 Kd5 44. Kc3 b2 45. Kxb2 Kxd4 0-1

[Event "Zalakaros op 14th"]
[Site "Zalakaros"]
[Date "1995.??.??"]
[Round "9"]
[White "Portisch, Gabor"]
[Black "Szep, Attila"]
[Result "1-0"]
[WhiteElo "2265"]
[BlackElo "2060"]
[PlyCount "93"]
[EventDate "1995.??.??"]
[EventType "swiss"]
[EventRounds "9"]
[EventCountry "HUN"]
[SourceTitle "EXT 1997"]
[Source "ChessBase"]
[SourceDate "1996.11.15"]
[SourceVersion "1"]
[SourceVersionDate "1996.11.15"]
[SourceQuality "1"]

1. d4 d5 2. Nc3 Bf5 3. f3 Nf6 4. Bg5 c6 5. e3 Nbd7 6. g4 Bg6 7. Bf4 e6 8. h4 h5 9. g5 Ng8 10. a3 Ne7 11. Nge2 Nc8 12. e4 Nd6 13. Ng3 Qa5 14. b4 Qd8 15. Bd3 b5 16. exd5 exd5 17. Kf2 Be7 18. Re1 0-0 19. Qe2 Re8 20. Bxg6 fxg6 21. Qe6+ Nf7 22. Qxg6 Nf8 23. Qxh5 g6 24. Qg4 Qc8 25. Qxc8 Raxc8 26. Re2 Bd6 27. Bxd6 Nxd6 28. Rxe8 Rxe8 29. a4 Rc8 30. Nce2 Ne6 31. c3 Rc7 32. axb5 Nxb5 33. f4 Kf7 34. Kf3 Nxc3 35. Nxc3 Nxd4+ 36. Kg4 Nc2 37. Rb1 d4 38. Nce4 Ke6 39. h5 gxh5+ 40. Nxh5 Ne3+ 41. Kf3 Kf5 42. b5 Kg6 43. Nhg3 c5 44. b6 axb6 45. Rxb6+ Kg7 46. Nh5+ Kg8 47. g6 1-0